Bezpečnostná dynamika - Kodanská škola

Bibliographic Details
Main Author: Lasicová, Jana, 1946- (Author)
Format: Article
Language:Slovak
ISSN:1335-2741
Subjects:

MARC

LEADER 00000nab a2200000 a 4500
001 vtls009082477
003 SK-MaSNL
005 20260304163551.0
008 250507c2006 xo qr|p|||||||000 b|slo
015 |a SNBRB2007/07 
035 |a (sysno)vtls009082477 
035 |a urn:nbn:sk:snk-ab75ko 
035 |a (uuid)f907bb8d-c8de-456e-bc6b-055d46a3a3ce 
035 |a (urnnbn)urn:nbn:sk:snk:ar-a06zlm 
038 |a SNKBUCL 
040 |a SNKBUCL  |b slo  |c SNKBUCL  |e AACR2 
041 0 |a slo  |b eng 
044 |a xo  |c SK 
080 |a 327  |x (100)  |2 1997 
080 |a 355.02  |x (100)  |2 1997 
100 1 |a Lasicová, Jana,  |d 1946-  |4 aut  |9 315260 
245 1 0 |a Bezpečnostná dynamika - Kodanská škola 
500 |a Res. angl. 
504 |a Bibliogr. odkazy 
610 2 7 |a Centrum pre mierový a konfliktný výskum (Kodaň, Dánsko)  |b Výskumný inštitút pre mier a koflikt  |2 snkbucl  |9 1490910 
650 0 7 |a bezpečnostná politika  |2 snkbucl  |9 1647 
650 0 7 |a Kodaňská škola (projekt)  |2 snkbucl  |9 1490911 
650 0 7 |a medzinárodné vzťahy  |2 snkbucl  |9 3690 
773 0 |t Politické vedy  |g Roč. IX, č. 2 (2006), s. 20-54  |x 1335-2741 
850 |a Slovenská národná knižnica 
852 |a Slovenská národná knižnica 
954 |a odborná, vedecká literatúra pôvodná (slovenská)  |2 lita 
958 |a article27 
958 |a SK 
958 |a NB 
958 |a OND 
958 |a EUIPO 
999 |c 2977981  |d 2979911